| 000 | 00957cam a22002054a 4500 | ||
|---|---|---|---|
| 005 | 20250605163933.0 | ||
| 008 | 250528s ||||||||||||||||||||||||d | ||
| 035 | _a14781 | ||
| 020 | _a534104002 | ||
| 040 |
_aGR-AtMCL _bgre _dGR-AtMCL _eAACR2 |
||
| 245 | 1 | _aStudy Guide for Deaux, Dane, and Wrightsman's Social Psychology in the '90s / Sixth Edition | |
| 250 | _a6th | ||
| 260 |
_bBrooks/Cole Publishing Company, _c1993 |
||
| 300 | _a232 | ||
| 520 | _aHistory and the Systems of Social Behavior, Methods of Studying Social Behavior, The Self, Understanding Others, Interpersonal Communication, The Nature of Attitudes, Persuasion and Attitude Change, Social Influence and Personal Control, Affiliation and Attraction and Love, Aggression and Violence, Prosocial Behavior, Behavior in Groups, Behavior Between Groups, Social Behavior in the Physical Environment. | ||
| 700 | 1 |
_aLittlepage Glenn _9539 |
|
| 942 | _cBK | ||
| 999 |
_c399 _d399 |
||